000 00586nam a2200205Ia 4500
001 8975
003 GE_BSU
008 181216s||||||||xx |||||||||||||| ||und||
040 _cGE_BSU
080 _a821.353.1–1
100 _aკილასონია,ნაზი
245 _aლექსები
245 _cრედ.ც.ქაროსანიძე,მხატვ.სპ.ცინცაძე.
260 _aთბილისი
260 _bმერანი
260 _c1979
300 _a220გვ.19სმ.
653 _aლექსები
942 _cBK
999 _c42280
_d42280